| 000 | 00621nam a22002177a 4500 | ||
|---|---|---|---|
| 005 | 20141211114728.0 | ||
| 008 | 141211b xxu||||| |||| 00| 0 eng d | ||
| 020 | _c15.00 | ||
| 040 | _aLoreto College | ||
| 041 | _aEnglish | ||
| 082 |
_a396 _bALT |
||
| 100 | _aAltekar, A.S. | ||
| 245 |
_aThe position of women in hindu civilization _bFrom prehistoric times to the present day _cA.S. Altekar |
||
| 250 | _a3rd ed. | ||
| 260 |
_aDelhi _bMotilal Banarsidass _c1962 |
||
| 300 |
_axii, 380p. _b21cm. |
||
| 504 | _aIncludes bibliography, index and plates. | ||
| 650 | _aWomen Studies | ||
| 850 | _aLCLIB | ||
| 942 | _cBK | ||
| 999 |
_c39703 _d90182 |
||